ロード中...
The partner
| 第一著者: | |
|---|---|
| フォーマット: | Printed Book |
| 出版事項: |
New York, Island Books
1997
|
| 主題: |
| LEADER | 005540000a22001930004500 | ||
|---|---|---|---|
| 020 | |a 0-440-22476-4 | ||
| 082 | |a 813 GRI/PAR N7 | ||
| 100 | |a Grisham, John; Author | ||
| 245 | |a The partner | ||
| 250 | |||
| 260 | |a New York, Island Books | ||
| 260 | |c 1997 | ||
| 460 | |a 468 | ||
| 465 | |a Rs.198.45 | ||
| 500 | |a John Grisham | ||
| 650 | |a American fiction | ||
| 942 | |c BK | ||
| 999 | |c 32246 |d 32246 | ||
| 952 | |0 0 |1 0 |4 0 |6 813_000000000000000_GRI_PAR_N7 |7 0 |9 32380 |a MGUL |b MGUL |d 2013-07-16 |e Rs.198.45 |l 4 |m 1 |o 813 GRI/PAR N7 |p 32837 |r 2016-12-01 |s 2016-11-10 |w 2013-07-16 |y BK | ||